| 000 | 00390nam a22001457a 4500 | ||
|---|---|---|---|
| 020 | _a9788131764039 | ||
| 082 | _a621.46 GOG | ||
| 100 | _aCogdell, J. R. | ||
| 245 | _aFoundations of electric power | ||
| 260 |
_aNew Delhi, India _bPearson Education _c2012 |
||
| 300 |
_ax, 362 p. _bill. ; |
||
| 500 | _aIncludes index. | ||
| 650 | _a1. Electric motors. 2. Power electronics. | ||
| 942 | _cBK | ||
| 999 |
_c12561 _d12561 |
||